|
|
|
|
| LEADER |
00703cam a2200241ua 4500 |
| 008 |
111014t2010||||||||||| 00 ||eng c |
| 041 |
0 |
|
|a eng
|
| 082 |
|
|
|a 003
|b KAL/O
|
| 245 |
1 |
0 |
|a Operations research with C programs /
|
| 250 |
|
|
|a 3
|
| 260 |
|
|
|a New Delhi:
|b Vikas,
|c 2010.
|
| 300 |
|
|
|a 551p..
|
| 362 |
1 |
|
|a 2010.
|
| 650 |
|
|
|a Computer science
|
| 650 |
0 |
|
|a Systems
|
| 650 |
0 |
|
|a Operations research
|
| 650 |
0 |
|
|a Linear programming
|
| 650 |
0 |
|
|a Dynamic programming
|
| 650 |
0 |
|
|a Queueing theory
|
| 700 |
0 |
2 |
|a Kalavathy,, S.
|
| 942 |
|
|
|c BK
|
| 999 |
|
|
|c 31027
|d 31027
|
| 952 |
|
|
|0 0
|1 0
|4 0
|6 003_000000000000000_KAL
|7 0
|9 32882
|a KUCL
|b KUCL
|d 2014-05-23
|l 2
|o 003 KAL/
|p 27405
|r 2016-05-27
|s 2016-04-16
|w 2014-05-23
|y BK
|